00367nam a2200133Ia 4500008004100000020001500041041001200056082002100068100002900089245005700118260002700175300001400202650001700216231217s9999 xx 000 0 und d a8131400689 aEnglish a658.11 SIS;1 R aSisodiya, Amit Singh ed. 0aEffective M and A strategies : emerging perspectives c2006bIcfaiaHyderabad aviii, 158 aM,strategies